000 00327pab a2200145 454500
008 180718b1999 xxu||||| |||| 00| 0 eng d
100 _aMustafa, Seema
245 _aThis president is no rubber stamp
260 _c1999
300 _ap.12
362 _a7 Aug
650 _aPresidents
773 _aAsian Age
909 _a43268
999 _c43268
_d43268